[Event "DJK Wacker Bergeborbeck 1 - SV Hamm 2"]
[Site "Verbandsklasse, Gruppe 1 2017"]
[Date "2018.03.18"]
[Round "8.5"]
[White "Brieger, Sebastian"]
[Black "Brandhorst, Dieter"]
[Result "1-0"]
[WhiteElo "1671"]
[BlackElo "1898"]
[PlyCount "59"]
[EventDate "2018.??.??"]

1. e4 d5 2. exd5 Nf6 3. d4 Bg4 4. Be2 Bxe2 5. Nxe2 Qxd5 6. O-O Nc6 7. b3 O-O-O
8. Bb2 e6 9. Nd2 Bd6 10. Nf3 h5 11. c4 Qf5 12. Qb1 Ne4 13. Ng3 Nxg3 14. hxg3
Qg4 15. Nh2 Qg5 16. Nf3 Qh6 17. Bc1 Qg6 18. Qxg6 fxg6 19. Re1 Rde8 20. Bb2 Nb4
21. c5 Bf8 22. Re2 Nd5 23. a3 h4 24. Nxh4 g5 25. Ng6 Rh6 26. Ne5 Be7 27. Nf7
Rg6 28. Rae1 Bf8 29. Re5 g4 30. Rxd5 1-0

[Event "SV Wattenscheid 3 - SV Rochade Eving 1"]
[Site "Verbandsklasse, Gruppe 1 2017"]
[Date "2018.03.18"]
[Round "8.1"]
[White "Kleibaumhueter, Klaus"]
[Black "Leveikina, Jevgenija"]
[Result "1-0"]
[WhiteElo "2086"]
[BlackElo "2035"]
[PlyCount "59"]
[EventDate "2018.??.??"]

1. Nf3 d5 2. d4 Nf6 3. c4 c6 4. Qc2 dxc4 5. Qxc4 Bg4 6. Nc3 Nbd7 7. Bg5 h6 8.
Be3 e6 9. g3 Be7 10. Bg2 Bf5 11. O-O O-O 12. Nd2 a5 13. Qb3 Qb6 14. Na4 Qa6 15.
Nc3 Nb6 16. Nde4 Nfd5 17. Bf4 a4 18. Qd1 Nxf4 19. gxf4 Rfd8 20. Ng3 a3 21. b3
Qa5 22. Rc1 Bg6 23. e3 Bb4 24. Nce4 Nd5 25. Nc5 Rab8 26. Bxd5 cxd5 27. Qg4 b6
28. Nxe6 fxe6 29. Qxg6 Rd6 30. Rc7 1-0

[Event "SV Wattenscheid 3 - SV Rochade Eving 1"]
[Site "Verbandsklasse, Gruppe 1 2017"]
[Date "2018.03.18"]
[Round "8.2"]
[White "Wolf, Ulrich"]
[Black "Michalek, Franz"]
[Result "1-0"]
[WhiteElo "2035"]
[BlackElo "1883"]
[PlyCount "137"]
[EventDate "2018.??.??"]

1. Nf3 d5 2. c4 c6 3. b3 Nf6 4. Bb2 g6 5. Bxf6 exf6 6. d4 Be6 7. e3 Qa5+ 8.
Nbd2 Na6 9. Be2 h5 10. O-O h4 11. h3 Qc7 12. cxd5 cxd5 13. Bb5+ Bd7 14. Qe2
Bxb5 15. Qxb5+ Qc6 16. Qe2 Nc7 17. Rac1 Qb5 18. Qd1 Ne6 19. Nb1 Qd7 20. Qd3 Rd8
21. Rc2 Bd6 22. Nc3 Bb8 23. Qb5 a6 24. Qxd7+ Rxd7 25. Na4 Ba7 26. Rc8+ Rd8 27.
Rfc1 g5 28. Rxd8+ Kxd8 29. Kf1 Re8 30. Nc3 Nc7 31. Ke2 Re6 32. Kd3 Rc6 33. Rg1
Ke7 34. g3 hxg3 35. fxg3 b5 36. b4 Bb8 37. h4 g4 38. Nd2 f5 39. Nb3 Rf6 40. Nc5
Rh6 41. Rf1 Rh5 42. Ra1 Kd8 43. Ne2 Rh6 44. Rf1 Rh5 45. Nf4 Rh6 46. Rg1 Ke7 47.
Ra1 Rb6 48. Kc3 Rh6 49. a4 bxa4 50. Kd3 Kd8 51. Rxa4 Kc8 52. Ra1 Rb6 53. h5 Rh6
54. Rh1 Kd8 55. Kc2 Ke7 56. Kb3 Kd6 57. Ncd3 f6 58. Nc5 Ba7 59. Ra1 Bxc5 60.
bxc5+ Kc6 61. Kb4 Rh7 62. Ka5 Re7 63. Rh1 Rxe3 64. Ra1 Nb5 65. h6 Nxd4 66. h7
Re8 67. Rh1 Nb3+ 68. Kb4 Rb8+ 69. Ka3 1-0

[Event "SV Wattenscheid 3 - SV Rochade Eving 1"]
[Site "Verbandsklasse, Gruppe 1 2017"]
[Date "2018.03.18"]
[Round "8.3"]
[White "Pahne, Dirk"]
[Black "Thelen, Thomas"]
[Result "1-0"]
[WhiteElo "1909"]
[BlackElo "1990"]
[Annotator "Daniel"]
[PlyCount "103"]
[EventDate "2018.??.??"]

1. e4 c5 2. Nf3 d6 3. d4 cxd4 4. Bb5+ Bd7 5. Bxd7+ Nxd7 6. Nxd4 Ngf6 7. Nc3 a6
8. O-O e6 9. a4 Be7 10. Nb3 O-O 11. a5 Qc7 12. Be3 Rac8 13. f3 Rfe8 14. Rf2 Qb8
15. Qd4 Ne5 16. Ra4 Nfd7 17. Qd1 Nc4 18. Bc1 Bf6 19. Nd4 b5 20. axb6 Qxb6 21.
Nce2 Nxb2 22. Bxb2 Qxb2 23. Rxa6 Ra8 24. Rxa8 Rxa8 25. Rf1 Qb6 26. Kh1 Ne5 27.
Qb1 Qc7 28. Rd1 Nc4 29. c3 h5 30. Qb5 $11 h4 31. Ng1 Ne3 32. Rd3 Bxd4 33. Rxd4
Qxc3 34. Rxd6 Qc2 35. Qg5 Qf2 36. Rd3 Nd5 37. Rd2 Qe1 38. Re2 f6 39. Rxe1 fxg5
40. exd5 exd5 41. Nh3 Kf7 42. Nxg5+ Kf6 43. Nh3 g5 44. Kg1 Ra2 45. Kf1 Kf5 46.
Nf2 Kf4 47. Nd3+ Kf5 48. Re5+ Kf6 49. Rxd5 h3 50. Ne1 hxg2+ 51. Nxg2 Ra1+ 52.
Kf2 1-0

[Event "SV Wattenscheid 3 - SV Rochade Eving 1"]
[Site "Verbandsklasse, Gruppe 1 2017"]
[Date "2018.03.18"]
[Round "8.4"]
[White "Sicars, Thorsten"]
[Black "Jaehnicke, Karl-Heinz"]
[Result "1-0"]
[WhiteElo "1919"]
[BlackElo "1760"]
[PlyCount "111"]
[EventDate "2018.??.??"]

1. Nf3 d5 2. c4 e6 3. b3 Nf6 4. g3 Be7 5. Bg2 O-O 6. O-O c6 7. Bb2 Nbd7 8. Nc3
dxc4 9. bxc4 Nb6 10. d3 Qc7 11. Qc2 a5 12. a4 Rd8 13. Rab1 Nbd7 14. Rfc1 Nc5
15. d4 Na6 16. e4 Nb4 17. Qe2 Nd7 18. e5 c5 19. d5 exd5 20. cxd5 Qb6 21. d6 Bf8
22. e6 Bxd6 23. exf7+ Kh8 24. Ne4 Be7 25. Rd1 Qe6 26. Ne5 Rf8 27. f4 Nxe5 28.
Bxe5 Qxf7 29. Qb5 Nd5 30. Nxc5 Ne3 31. Rd2 Nxg2 32. Kxg2 Bf5 33. Rbd1 Bxc5 34.
Qxc5 Be4+ 35. Kg1 Bc6 36. Qc2 Rac8 37. Qa2 Qg6 38. Rd4 Qg4 39. Qb3 Qh3 40. Qb2
Qh6 41. Rd6 Qh5 42. Bxg7+ Kg8 43. Bxf8 Rxf8 44. Qb3+ Kg7 45. Qc3+ Kg8 46. Qb3+
Kg7 47. Rxc6 bxc6 48. Rd7+ Rf7 49. Qxf7+ Qxf7 50. Rxf7+ Kxf7 51. Kf2 Ke6 52.
Ke3 Kd5 53. Kd3 h5 54. h3 c5 55. g4 c4+ 56. Kc3 1-0

[Event "SV Wattenscheid 3 - SV Rochade Eving 1"]
[Site "Verbandsklasse, Gruppe 1 2017"]
[Date "2018.03.18"]
[Round "8.5"]
[White "Regber, Karl-Heinz"]
[Black "Zwielich, Frank"]
[Result "1/2-1/2"]
[WhiteElo "1613"]
[BlackElo "1949"]
[Annotator "Daniel"]
[PlyCount "85"]
[EventDate "2018.??.??"]

1. Nf3 c5 2. g3 Nc6 3. Bg2 g6 4. d3 Bg7 5. c4 e5 6. Nc3 Nge7 7. Bg5 f6 8. Be3
d6 9. Qd2 h6 10. h4 Be6 11. O-O Qd7 12. Rfb1 g5 13. a3 Rd8 14. b4 b6 15. b5 Na5
16. Qc2 Nf5 17. Bd2 gxh4 18. Nxh4 Nxh4 19. gxh4 Bh3 20. Bf3 Bg4 21. Bd5 Bh5 22.
Kh2 Qg4 23. Rg1 Qxh4+ 24. Kg2 f5 25. Kf1 Qf6 26. Nd1 Bf7 27. Bxf7+ Qxf7 28.
Bxa5 bxa5 29. Nc3 h5 30. e4 fxe4 31. Nxe4 Bh6 32. b6 axb6 33. Rb1 Ke7 34. Rxb6
Rhf8 $11 35. Rb7+ Rd7 36. Rxd7+ Kxd7 37. Qa4+ Ke7 38. Qxa5 Rd8 39. Qb5 Qf3 40.
Qb7+ Rd7 41. Qd5 Qd1+ 42. Kg2 Qg4+ 43. Kf1 1/2-1/2

[Event "SV Wattenscheid 3 - SV Rochade Eving 1"]
[Site "Verbandsklasse, Gruppe 1 2017"]
[Date "2018.03.18"]
[Round "8.6"]
[White "Pustelny-Conrad, Dieter"]
[Black "Regber, Werner"]
[Result "1/2-1/2"]
[WhiteElo "1942"]
[BlackElo "1775"]
[PlyCount "74"]
[EventDate "2018.??.??"]

1. e4 c5 2. Nf3 Nc6 3. d4 cxd4 4. Nxd4 g6 5. c4 Bg7 6. Be3 Nf6 7. Nxc6 bxc6 8.
Nd2 d6 9. Be2 O-O 10. O-O Bb7 11. Qc2 a5 12. Rac1 Qc7 13. Rfd1 Nd7 14. Nf3 c5
15. Nd2 Bc6 16. Nb1 Rab8 17. f3 Rxb2 18. Qd3 Ne5 19. Qa3 Rxe2 20. Kf1 Rxe3 21.
Qxe3 Rb8 22. Na3 Rb2 23. Rb1 Nd7 24. Rxb2 Bxb2 25. Rb1 Bxa3 26. Qxa3 Ne5 27.
Qc3 Nd7 28. Kf2 f6 29. g4 Ne5 30. h4 Bd7 31. g5 Be6 32. h5 f5 33. hxg6 hxg6 34.
f4 Nf7 35. Qh3 Qc6 36. Rb8+ Kg7 37. Qc3+ Kh7 1/2-1/2

[Event "SV Wattenscheid 3 - SV Rochade Eving 1"]
[Site "Verbandsklasse, Gruppe 1 2017"]
[Date "2018.03.18"]
[Round "8.7"]
[White "Boettger, Siegfried"]
[Black "Schlee, Ulrich"]
[Result "0-1"]
[WhiteElo "1458"]
[BlackElo "1694"]
[PlyCount "58"]
[EventDate "2018.??.??"]

1. e4 e5 2. Nf3 Nc6 3. Bb5 a6 4. Ba4 Nf6 5. O-O Be7 6. d4 exd4 7. e5 Nd5 8. Bb3
Nb6 9. Re1 O-O 10. a3 d5 11. Nxd4 Nxd4 12. Qxd4 c5 13. Qd1 Be6 14. Nd2 Qc7 15.
c3 Rad8 16. Nf3 Bg4 17. h3 Bh5 18. g4 Bg6 19. Bg5 Be4 20. Bxe7 Qxe7 21. Nd2 Bd3
22. Nf3 Bb5 23. Kh2 Bc6 24. Kg3 Qc7 25. Kg2 d4 26. Qd3 c4 27. Bxc4 Nxc4 28. Kf1
Bxf3 29. Qxf3 Nd2+ 0-1

[Event "Bochumer SV 2 - SK Sodingen/Castrop 3"]
[Site "Verbandsklasse, Gruppe 2 2017"]
[Date "2018.03.18"]
[Round "8.3"]
[White "Balke, Reiner"]
[Black "Goralski, Christian"]
[Result "1/2-1/2"]
[WhiteElo "1836"]
[BlackElo "1974"]
[PlyCount "35"]
[EventDate "2018.??.??"]

1. e4 d5 2. exd5 Nf6 3. Nf3 Qxd5 4. Nc3 Qa5 5. Be2 Nc6 6. O-O Bg4 7. d3 O-O-O
8. Ng5 Be6 9. Nxe6 fxe6 10. Bf3 Nd4 11. Bd2 Qf5 12. Be4 Nxe4 13. Nxe4 g6 14. c3
Nc6 15. Qe2 Qb5 16. Ng5 Qxd3 17. Qxe6+ Qd7 18. Be3 1/2-1/2

[Event "Bochumer SV 2 - SK Sodingen/Castrop 3"]
[Site "Verbandsklasse, Gruppe 2 2017"]
[Date "2018.03.18"]
[Round "8.4"]
[White "Floeren, Philipp"]
[Black "Zygan, Michael"]
[Result "1-0"]
[WhiteElo "1874"]
[BlackElo "1811"]
[PlyCount "99"]
[EventDate "2018.??.??"]

1. e4 c6 2. d4 d5 3. exd5 cxd5 4. Bd3 Nc6 5. c3 Qc7 6. h3 Nf6 7. Nf3 g6 8. O-O
Bf5 9. a4 Bxd3 10. Qxd3 Bg7 11. b4 e6 12. b5 Ne7 13. Ne5 Nd7 14. f4 Nf5 15. Ba3
Bf8 16. Nd2 Bxa3 17. Rxa3 Nxe5 18. fxe5 Rc8 19. Rc1 O-O 20. c4 dxc4 21. Rxc4
Qd7 22. Ne4 Qe7 23. Rac3 Rxc4 24. Rxc4 Rd8 25. g4 Ng7 26. Nf6+ Kh8 27. Qc3 Ne8
28. Nxe8 Qxe8 29. Rc7 Rd7 30. Qc5 b6 31. Qc6 Rd8 32. Qxe8+ Rxe8 33. Rxf7 Rd8
34. Rf4 Kg7 35. g5 Rc8 36. Rf6 Rc4 37. Rxe6 Kf7 38. Rf6+ Ke7 39. d5 Rxa4 40.
d6+ Ke8 41. Re6+ Kd7 42. Re7+ Kd8 43. e6 Rd4 44. Rd7+ Ke8 45. Kf2 Rd5 46. Kf3
Re5 47. Re7+ Kd8 48. Kf4 Rxb5 49. Rxa7 Rc5 50. Ra8+ 1-0

[Event "Bochumer SV 2 - SK Sodingen/Castrop 3"]
[Site "Verbandsklasse, Gruppe 2 2017"]
[Date "2018.03.18"]
[Round "8.5"]
[White "Kowalczyk, Frank"]
[Black "Bautz, Volker"]
[Result "1-0"]
[WhiteElo "1741"]
[BlackElo "1823"]
[Annotator "Daniel"]
[PlyCount "63"]
[EventDate "2018.??.??"]

1. e4 c5 2. Nf3 d6 3. d4 cxd4 4. Nxd4 Nf6 5. Nc3 g6 6. Be3 Bg7 7. f3 O-O 8. Qd2
Nc6 9. O-O-O Bd7 10. Kb1 Rc8 11. g4 Ne5 12. Bh6 Nc4 13. Bxc4 Rxc4 14. Bxg7 Kxg7
15. h4 h5 $11 16. gxh5 Nxh5 17. Rhg1 Rh8 18. Qd3 Rc5 19. Nb3 Re5 20. Ne2 Bb5
21. c4 Bc6 22. Nbd4 Qd7 23. Rg5 Nf6 24. Rxe5 dxe5 25. Nxc6 Qxd3+ 26. Rxd3 bxc6
27. Ra3 Rxh4 28. Rxa7 Rh2 29. Nc1 e6 30. Nd3 Nh5 31. Nxe5 Kf6 32. Ng4+ 1-0

[Event "Bochumer SV 2 - SK Sodingen/Castrop 3"]
[Site "Verbandsklasse, Gruppe 2 2017"]
[Date "2018.03.18"]
[Round "8.6"]
[White "Hirmer, Raimund"]
[Black "Tenschert, Hartmut"]
[Result "0-1"]
[WhiteElo "1789"]
[BlackElo "1747"]
[PlyCount "78"]
[EventDate "2018.??.??"]

1. d4 Nf6 2. Bf4 d5 3. e3 e6 4. Nd2 Bd6 5. Bg3 O-O 6. Ngf3 b6 7. Bd3 Ba6 8.
Bxa6 Nxa6 9. c3 c5 10. Qe2 Nc7 11. Ne5 Bxe5 12. Bxe5 Rc8 13. O-O Nce8 14. a4
Nd7 15. Bg3 f5 16. Qa6 g5 17. f3 h5 18. a5 h4 19. Bf2 Nc7 20. Qe2 Rf7 21. axb6
axb6 22. dxc5 bxc5 23. e4 Rb8 24. Rfb1 c4 25. b3 Nb5 26. Rc1 Qf6 27. bxc4 Nxc3
28. Qd3 d4 29. Bxd4 Qxd4+ 30. Qxd4 Ne2+ 31. Kf2 Nxd4 32. exf5 exf5 33. c5 Ne5
34. Rc3 Rb2 35. Ra8+ Kg7 36. Ke1 Re7 37. Kd1 Nec6 38. Kc1 Rbb7 39. Rd3 Re1# 0-1

[Event "Bochumer SV 2 - SK Sodingen/Castrop 3"]
[Site "Verbandsklasse, Gruppe 2 2017"]
[Date "2018.03.18"]
[Round "8.7"]
[White "Behnicke, Eckhard"]
[Black "Abdullayev, Elchin"]
[Result "0-1"]
[WhiteElo "1703"]
[BlackElo "1727"]
[PlyCount "80"]
[EventDate "2018.??.??"]

1. b4 e5 2. Bb2 e4 3. e3 Nf6 4. a3 d5 5. c4 Be6 6. cxd5 Nxd5 7. Qc2 Bf5 8. Ne2
Bg6 9. Ng3 f5 10. Nc3 Nf6 11. Nb5 c6 12. Nd4 Qd7 13. Bc4 f4 14. Be6 Qd6 15.
Ngf5 Bxf5 16. Bxf5 Nbd7 17. Bxe4 Qe7 18. Bf5 g6 19. Bxd7+ Kxd7 20. O-O Bh6 21.
Nf3 Rhf8 22. Ne5+ Kc7 23. b5 c5 24. exf4 Bxf4 25. d4 Bxe5 26. dxe5 Ng4 27. Rac1
b6 28. Qe4 Qe6 29. Rcd1 Rad8 30. f3 Nh6 31. g4 Ng8 32. f4 Qxg4+ 33. Kh1 Rxd1
34. Qc6+ Kb8 35. Rxd1 Qxd1+ 36. Kg2 Qe2+ 37. Kg3 Rd8 38. Kh4 Qxh2+ 39. Kg4 h5+
40. Kf3 Rd3+ 0-1

[Event "Bochumer SV 2 - SK Sodingen/Castrop 3"]
[Site "Verbandsklasse, Gruppe 2 2017"]
[Date "2018.03.18"]
[Round "8.8"]
[White "Sanftenschneider, Hans-Werner"]
[Black "Kiefer, Erwin"]
[Result "1/2-1/2"]
[WhiteElo "1735"]
[BlackElo "1531"]
[PlyCount "99"]
[EventDate "2018.??.??"]

1. Nf3 c5 2. e3 Nc6 3. b3 d5 4. Bb2 Bg4 5. Be2 Nf6 6. Ne5 Bf5 7. Bb5 Qc7 8. O-O
e6 9. d3 Bd6 10. f4 a6 11. Bxc6+ bxc6 12. Nd2 O-O 13. Qe1 Nd7 14. Ndf3 f6 15.
Nxd7 Qxd7 16. e4 Bg6 17. e5 Be7 18. exf6 gxf6 19. Qg3 d4 20. Nh4 Kf7 21. Qf3
Qd5 22. Qe2 Rae8 23. Rae1 Bh5 24. Qf2 Rg8 25. Kh1 Bd6 26. Bc1 f5 27. Nf3 Rg7
28. Rg1 Reg8 29. Ref1 Rg4 30. Ng5+ Kg6 31. h3 Rxg5 32. fxg5 Kf7 33. Qh4 Bg6 34.
Bf4 e5 35. Bd2 Bc7 36. Rf2 Ke7 37. Re1 Kd7 38. Kg1 Re8 39. Rfe2 e4 40. Bf4 e3
41. Bxc7 Kxc7 42. Qf4+ Re5 43. g4 Kd7 44. h4 fxg4 45. Qxg4+ Bf5 46. Qg3 Qe6 47.
Rf1 Bg4 48. Rf6 Bxe2 49. Rxe6 Rxe6 50. Qb8 1/2-1/2

[Event "SG Höntrop 1 - SF Kirchhellen 1"]
[Site "Verbandsklasse, Gruppe 2 2017"]
[Date "2018.03.18"]
[Round "8.1"]
[White "Sinnwell, Horst"]
[Black "Oberbarnscheidt, Ludger"]
[Result "1/2-1/2"]
[WhiteElo "2063"]
[BlackElo "2032"]
[PlyCount "50"]
[EventDate "2018.??.??"]

1. Nf3 d5 2. c4 dxc4 3. Na3 c5 4. Nxc4 Nc6 5. g3 f6 6. Bg2 e5 7. d3 Nge7 8. a4
Be6 9. O-O Qd7 10. Bd2 Nd5 11. Ne3 Nc7 12. Qc2 Be7 13. Bc3 O-O 14. Nc4 e4 15.
Ne1 exd3 16. Qxd3 Qxd3 17. exd3 Nd5 18. Ne3 Rad8 19. N3c2 Rfe8 20. f4 Bf8 21.
f5 Bf7 22. Be4 Nxc3 23. bxc3 Bd5 24. Bf3 Bxf3 25. Rxf3 Bd6 1/2-1/2

[Event "SG Höntrop 1 - SF Kirchhellen 1"]
[Site "Verbandsklasse, Gruppe 2 2017"]
[Date "2018.03.18"]
[Round "8.2"]
[White "Drzasga, Michael"]
[Black "Hoffterheide, Thomas"]
[Result "1-0"]
[WhiteElo "1974"]
[BlackElo "1957"]
[PlyCount "73"]
[EventDate "2018.??.??"]

1. d4 Nf6 2. Nf3 e6 3. c4 d5 4. Nc3 c6 5. cxd5 exd5 6. Bg5 Be7 7. e3 O-O 8. Bd3
Ne8 9. Bxe7 Qxe7 10. Qc2 h6 11. Nxd5 cxd5 12. Qxc8 Nd6 13. Qc2 Nc6 14. O-O Rac8
15. Qe2 Ne4 16. Rac1 f5 17. g3 g5 18. a3 Rcd8 19. b4 Qd6 20. Bb5 g4 21. Nh4 h5
22. Bxc6 bxc6 23. Qa6 Rf6 24. Rc2 Ng5 25. Rfc1 Nh3+ 26. Kf1 f4 27. Rxc6 fxg3
28. Rxd6 Rdxd6 29. Rc8+ Kh7 30. Qxa7+ Kh6 31. f4 gxf3 32. Rh8+ Kg5 33. hxg3 Kg4
34. Rg8+ Ng5 35. Rxg5+ Kh3 36. Kf2 Rc6 37. Qd7+ 1-0

[Event "SG Höntrop 1 - SF Kirchhellen 1"]
[Site "Verbandsklasse, Gruppe 2 2017"]
[Date "2018.03.18"]
[Round "8.3"]
[White "Borgs, Martin"]
[Black "Jedner, Volker"]
[Result "1/2-1/2"]
[WhiteElo "1975"]
[BlackElo "1832"]
[PlyCount "41"]
[EventDate "2018.??.??"]

1. d4 d5 2. Bf4 Nf6 3. e3 e6 4. Nf3 Bd6 5. Bg5 O-O 6. Bd3 c5 7. c3 Nbd7 8. Nbd2
Qc7 9. O-O b6 10. Qe2 Bb7 11. Rac1 Ne4 12. Bh4 e5 13. dxe5 Nxe5 14. Nxe5 Nxd2
15. Qxd2 Bxe5 16. Bg3 Bxg3 17. hxg3 Qc6 18. Be2 d4 19. Bf3 dxc3 20. Qxc3 Qc7
21. Rfd1 1/2-1/2

[Event "SG Höntrop 1 - SF Kirchhellen 1"]
[Site "Verbandsklasse, Gruppe 2 2017"]
[Date "2018.03.18"]
[Round "8.4"]
[White "Koch, Burkhard"]
[Black "Schueppel, Werner"]
[Result "1/2-1/2"]
[WhiteElo "1755"]
[BlackElo "1953"]
[PlyCount "46"]
[EventDate "2018.??.??"]

1. e4 g6 2. d4 Bg7 3. Nc3 d6 4. Nf3 Nd7 5. Bc4 e5 6. Bg5 Ngf6 7. dxe5 dxe5 8.
Qe2 h6 9. Be3 c6 10. Rd1 Qe7 11. O-O b5 12. Bd3 O-O 13. Qd2 Ng4 14. h3 Nxe3 15.
Qxe3 Nc5 16. g4 Ne6 17. Ne2 a6 18. c3 c5 19. Kh2 Bb7 20. Rg1 Rfe8 21. h4 Rad8
22. Ng3 c4 23. Bc2 Qc5 1/2-1/2

[Event "SG Höntrop 1 - SF Kirchhellen 1"]
[Site "Verbandsklasse, Gruppe 2 2017"]
[Date "2018.03.18"]
[Round "8.5"]
[White "Belitz, Marco"]
[Black "Barth, Hans-Joachim"]
[Result "1-0"]
[WhiteElo "1847"]
[BlackElo "1677"]
[PlyCount "51"]
[EventDate "2018.??.??"]

1. e4 g6 2. d4 Bg7 3. Nc3 d6 4. h4 h5 5. Be3 c6 6. Be2 Nf6 7. f3 b5 8. Qd2 Be6
9. Nh3 Nbd7 10. Ng5 Nb6 11. Nxe6 fxe6 12. O-O-O Nc4 13. Bxc4 bxc4 14. Ne2 Qb6
15. Nf4 Bh6 16. Nxe6 c3 17. Qxc3 Rb8 18. Bxh6 Rxh6 19. b3 a5 20. Qd2 Rh8 21.
Qg5 Rg8 22. Rhe1 Qb4 23. a4 Qc3 24. Re3 Qa1+ 25. Kd2 Qxd4+ 26. Nxd4 1-0

[Event "SG Höntrop 1 - SF Kirchhellen 1"]
[Site "Verbandsklasse, Gruppe 2 2017"]
[Date "2018.03.18"]
[Round "8.6"]
[White "Geistmeier, Frank"]
[Black "Gajda, Peter"]
[Result "1/2-1/2"]
[WhiteElo "1738"]
[BlackElo "1812"]
[PlyCount "51"]
[EventDate "2018.??.??"]

1. d4 g6 2. e4 Bg7 3. c4 c5 4. d5 d6 5. f4 h5 6. Nf3 Bg4 7. Be2 Bxf3 8. Bxf3
Bd4 9. Qc2 Nd7 10. Bd2 Ngf6 11. Bc3 Bxc3+ 12. Nxc3 Qc7 13. Nb5 Qb6 14. O-O a6
15. Nc3 O-O-O 16. Rfe1 Qc7 17. Re2 e5 18. dxe6 fxe6 19. Rd1 e5 20. Qd2 Nf8 21.
Nd5 Nxd5 22. exd5 Nd7 23. Be4 exf4 24. Qxf4 Ne5 25. b3 Rdf8 26. Qg5 1/2-1/2

[Event "SG Höntrop 1 - SF Kirchhellen 1"]
[Site "Verbandsklasse, Gruppe 2 2017"]
[Date "2018.03.18"]
[Round "8.7"]
[White "Langer, Raimund"]
[Black "Hoffmann, Gary"]
[Result "1-0"]
[WhiteElo "1777"]
[BlackElo "1574"]
[PlyCount "31"]
[EventDate "2018.??.??"]

1. e4 e6 2. d4 d5 3. Nd2 Ne7 4. Ngf3 b6 5. Bd3 Bb7 6. e5 c5 7. c3 Nec6 8. O-O
Be7 9. Re1 O-O 10. Nf1 Ba6 11. Bb1 f5 12. exf6 Rxf6 13. Ng3 Qf8 14. Ng5 Rxf2
15. Bxh7+ Kh8 16. Qh5 1-0

[Event "SG Höntrop 1 - SF Kirchhellen 1"]
[Site "Verbandsklasse, Gruppe 2 2017"]
[Date "2018.03.18"]
[Round "8.8"]
[White "Hoffmann, Klaus"]
[Black "Lange-Hegermann, Bernd"]
[Result "1/2-1/2"]
[WhiteElo "1636"]
[BlackElo "1628"]
[PlyCount "44"]
[EventDate "2018.??.??"]

1. e4 c5 2. Nf3 Nc6 3. d4 cxd4 4. Nxd4 Nf6 5. Nxc6 bxc6 6. Bd3 g6 7. O-O Bg7 8.
c3 O-O 9. Be3 d6 10. Nd2 Ng4 11. Bg5 h6 12. Bh4 Ne5 13. Be2 a5 14. f4 Nd7 15.
Rb1 Ba6 16. c4 Rb8 17. b3 Nf6 18. Qc2 Qc7 19. Rbe1 Nh7 20. Nf3 Bf6 21. Bd3 Bxh4
22. Nxh4 e5 1/2-1/2

[Event "SV Günnigfeld 1 - Matt Inn Dortmund 1"]
[Site "Verbandsklasse, Gruppe 2 2017"]
[Date "2018.03.18"]
[Round "8.1"]
[White "Schulenburg, Pit"]
[Black "Freisen, Thomas"]
[Result "1-0"]
[WhiteElo "2080"]
[BlackElo "2000"]
[Annotator "Daniel"]
[PlyCount "73"]
[EventDate "2018.??.??"]

1. Nf3 Nf6 2. c4 g6 3. Nc3 d5 4. cxd5 Nxd5 5. Qa4+ c6 6. Nxd5 Qxd5 7. e4 Qd8 8.
d4 Bg7 9. Be3 O-O 10. Rd1 Nd7 11. Bd3 Nb6 12. Qc2 Bg4 13. Be2 Qc7 14. h3 Bd7
15. a4 a5 $11 16. b3 Rfd8 17. Qc5 Nc8 18. O-O Qd6 19. e5 Qxc5 20. dxc5 Na7 21.
Bc4 Bf5 22. Ng5 e6 23. g4 Bc2 24. Rxd8+ Rxd8 25. Rc1 Rd1+ 26. Rxd1 Bxd1 27. f4
Bc2 28. Bd4 Bf8 29. Kf2 Nc8 30. Nxe6 fxe6 31. Bxe6+ Kg7 32. Bxc8 Kf7 33. f5
Bxb3 34. e6+ Ke8 35. f6 Bh6 36. h4 g5 37. Be3 1-0

[Event "SV Günnigfeld 1 - Matt Inn Dortmund 1"]
[Site "Verbandsklasse, Gruppe 2 2017"]
[Date "2018.03.18"]
[Round "8.3"]
[White "Kromat, Stefan"]
[Black "Radi, Guenter"]
[Result "1-0"]
[WhiteElo "1745"]
[BlackElo "1891"]
[Annotator "Daniel"]
[PlyCount "63"]
[EventDate "2018.??.??"]

1. d3 e5 2. Nf3 Nc6 3. e4 d6 4. c3 Nf6 5. h3 Be7 6. Be2 O-O 7. Nbd2 b6 8. b4 a6
9. Qc2 Bb7 10. O-O Qd7 11. Bb2 h6 12. Rfe1 $11 Nd8 13. d4 exd4 14. cxd4 d5 15.
e5 Nh5 16. e6 Qd6 17. Ne5 Nf4 18. exf7+ Nxf7 19. Bf1 Ng5 20. Re3 Rac8 21. Ba3
Qf6 22. Ng4 Qf7 23. Ne5 Nfxh3+ 24. Rxh3 Qxf2+ 25. Kh1 Nxh3 26. gxh3 Bg5 27. Bd3
Rfe8 28. Bh7+ Kh8 29. Rf1 Qxf1+ 30. Nxf1 Rxe5 31. dxe5 d4+ 32. Be4 1-0

[Event "SV Günnigfeld 1 - Matt Inn Dortmund 1"]
[Site "Verbandsklasse, Gruppe 2 2017"]
[Date "2018.03.18"]
[Round "8.4"]
[White "Funke, Eckhard"]
[Black "Fork, Raphael"]
[Result "1/2-1/2"]
[WhiteElo "1782"]
[BlackElo "1841"]
[PlyCount "37"]
[EventDate "2018.??.??"]

1. d4 Nf6 2. c4 c5 3. d5 b5 4. cxb5 a6 5. bxa6 Bxa6 6. Nc3 d6 7. e4 Bxf1 8.
Kxf1 g6 9. g3 Bg7 10. Nf3 Nbd7 11. Kg2 O-O 12. Qe2 Nb6 13. Rd1 Nfd7 14. Bg5 f6
15. Bf4 Qb8 16. a4 Ra5 17. b3 Na8 18. Nb5 Nc7 19. Bd2 1/2-1/2

[Event "SV Günnigfeld 1 - Matt Inn Dortmund 1"]
[Site "Verbandsklasse, Gruppe 2 2017"]
[Date "2018.03.18"]
[Round "8.5"]
[White "Schmitz, Martin"]
[Black "Brinkmann, Uwe"]
[Result "1/2-1/2"]
[WhiteElo "1810"]
[BlackElo "1932"]
[PlyCount "33"]
[EventDate "2018.??.??"]

1. e4 e5 2. Nf3 d6 3. Bc4 c6 4. d4 Nd7 5. O-O Be7 6. a4 Ngf6 7. Nc3 O-O 8. dxe5
dxe5 9. Qe2 Qc7 10. h3 h6 11. Be3 Re8 12. Rad1 Nf8 13. Rfe1 Be6 14. Nh2 Bb4 15.
Bd2 Bc5 16. Bd3 Ng6 17. Qf3 1/2-1/2

[Event "SV Günnigfeld 1 - Matt Inn Dortmund 1"]
[Site "Verbandsklasse, Gruppe 2 2017"]
[Date "2018.03.18"]
[Round "8.6"]
[White "Brandhoff, Gerd"]
[Black "Meinike, Thorsten"]
[Result "1/2-1/2"]
[WhiteElo "1804"]
[BlackElo "1721"]
[PlyCount "61"]
[EventDate "2018.??.??"]

1. e4 e5 2. Nf3 Nc6 3. d4 exd4 4. Bc4 Nf6 5. e5 d5 6. Bd3 Ne4 7. h3 Bb4+ 8. Bd2
Nxd2 9. Nbxd2 O-O 10. O-O Re8 11. Re1 Be6 12. Bb5 a6 13. Bxc6 bxc6 14. Nxd4
Bxh3 15. c3 Qg5 16. Qf3 Bd7 17. N2b3 Bf8 18. Qe3 Qxe3 19. Rxe3 c5 20. Ne2 c4
21. Nbd4 c5 22. Nf3 Rab8 23. Rd1 Bc6 24. Rd2 g6 25. Ng5 Bh6 26. f4 Bxg5 27.
fxg5 Rbd8 28. Kh2 Re7 29. Kg3 Rde8 30. Kf4 Kg7 31. g4 1/2-1/2

[Event "SV Günnigfeld 1 - Matt Inn Dortmund 1"]
[Site "Verbandsklasse, Gruppe 2 2017"]
[Date "2018.03.18"]
[Round "8.8"]
[White "Bauer, Matthias"]
[Black "Haug, Mike"]
[Result "1-0"]
[WhiteElo "1570"]
[BlackElo "979"]
[PlyCount "59"]
[EventDate "2018.??.??"]

1. c4 e6 2. Nc3 c5 3. e3 d5 4. cxd5 exd5 5. Nf3 Nf6 6. d4 c4 7. Qc2 Nc6 8. a3
Bd6 9. Be2 Ne7 10. e4 O-O 11. e5 Bf5 12. Qd1 Ne4 13. exd6 Nxc3 14. dxe7 Qxe7
15. bxc3 Bd3 16. Be3 Bxe2 17. Qxe2 f5 18. Bf4 Qxe2+ 19. Kxe2 Rfe8+ 20. Be5 Rab8
21. Kd2 Rbc8 22. Rhe1 Rc6 23. Reb1 b6 24. h4 g6 25. Rb5 Rd8 26. Rab1 h5 27. Ng5
a6 28. Rxb6 Rxb6 29. Rxb6 a5 30. Rxg6+ 1-0

[Event "SV Horst-Emscher 2 - SK Germania Kupfer"]
[Site "Verbandsklasse, Gruppe 2 2017"]
[Date "2018.03.18"]
[Round "8.1"]
[White "Unteregge, Michael"]
[Black "Patzer, Joerg"]
[Result "1/2-1/2"]
[WhiteElo "2010"]
[BlackElo "1867"]
[PlyCount "22"]
[EventDate "2018.??.??"]

1. Nf3 d5 2. d4 Nf6 3. c4 c6 4. Qc2 g6 5. Bf4 Bf5 6. Qb3 Qb6 7. c5 Qxb3 8. axb3
Bxb1 9. Rxb1 Nbd7 10. e3 Bg7 11. h3 O-O 1/2-1/2